| 000 | 01301cam a22002895a 4500 | ||
|---|---|---|---|
| 001 | L135422 | ||
| 008 | 061025s2007 xxk f 001 0 eng u | ||
| 020 | _a9781845923146 | ||
| 035 | _a(Sirsi) u135422 | ||
| 050 | 0 | 4 | _a347.4107 $2 18 |
| 100 | 1 | _aMackie, Karl | |
| 245 | 0 | 4 | _aThe ADR practice guide |
| 250 | _a3rd ed. | ||
| 260 |
_aHaywards Heath _bTottel Publishing _c2007 |
||
| 300 |
_axvii, 364p. _c24cm. |
||
| 350 | _a78 | ||
| 505 | 2 | _aThe conceptual framework of ADR -- The legal framework of ADR -- The practical framework of mediation | |
| 520 | _aPresents a guide to civil and commercial Alternative Dispute Resolution (ADR). Provides an overview of the tools available for dispute resolution, including negotiation. Examines civil procedures, court ADR orders, sanctions for refusing ADR, costs and European law. Also considers the practical issues involved with mediation, including how prepare for and set up the mediation. Includes a section on the expanding case ADR case law. | ||
| 590 | _aKA | ||
| 650 | 2 | 4 | _aCIVIL PROCEDURE RULES 1998 |
| 651 | 4 |
_aUnited Kingdom _y |
|
| 690 | _aMANAGEMENT-DISPUTE AVOIDANCE, MANAGEMENT AND RESOLUTION-DISPUTE MANAGEMENT AND RESOLUTION | ||
| 700 | 1 | _aMiles, David | |
| 700 | 1 | _aMarsh, William | |
| 700 | 1 | _aAllen, Tony | |
| 942 | _n0 | ||
| 999 |
_c106053 _d106053 |
||